00463nam a2200181 a 450000100060000000300090000600800410001502000150005604000280007108200090009910000120010824500180012026000370013830000100017549000280018565000360021365000320024919378CO-ViMGA141112s2004 ck r 000 u spa d a8426155278 aCO-ViMGAbspacCO-ViMGA04aHERi1 aHerge, 10aLa Isla Negra aBarcelona : bEd. Juventud; 1995 a62 p. aLas Aventuras de Tintin14aCUENTOS INFANTILES DE AVENTURAS14aTIRAS COMICAS - HISTORIETAS